banner koha

Portos congestionados (Registro n. 337373)

MARC details
000 -LÍDER
fixed length control field 00850nab a2200277 4500
003 - CÓDIGO MARC DA AGÊNCIA CATALOGADORA
Campo de controle BR-BrBNA
005 - DATA E HORA DA ÚLTIMA ATUALIZAÇÃO
Campo de controle 20250730102008.0
008 - CAMPO DE TAMANHO FIXO
fixed length control field 250730b bl.||||| |||| 00| 0 por d
040 ## - FONTE DA CATALOGAÇÃO
Agência catalogadora BR-BrBNA
Idioma da catalogação por
072 ## - CATEGORIA AGRIS
Código AGRIS J10 ; E13 ; E71
100 ## - ENTRADA PRINCIPAL - NOME PESSOAL
Nome pessoal Araújo, Rute
245 ## - TÍTULO PRINCIPAL
Título principal Portos congestionados
Subtítulo Agroeconomia
500 ## - NOTA GERAL
Nota geral 2 illus.
942 ## - ADDED ENTRY ELEMENTS (KOHA)
Koha item type Analítica
650 ## - ASSUNTO - THESAGRO
Cabeçalho tópico ou nome geográfico TRANSPORTE MARÍTIMO
650 ## - ASSUNTO - THESAGRO
Cabeçalho tópico ou nome geográfico LOGÍSTICA
650 ## - ASSUNTO - THESAGRO
Cabeçalho tópico ou nome geográfico PORTO MARÍTIMO
650 ## - ASSUNTO - THESAGRO
Cabeçalho tópico ou nome geográfico EMBARQUE
650 ## - ASSUNTO - THESAGRO
Cabeçalho tópico ou nome geográfico DESEMBARQUE
650 ## - ASSUNTO - THESAGRO
Cabeçalho tópico ou nome geográfico CUSTO OPERACIONAL
650 ## - ASSUNTO - THESAGRO
Cabeçalho tópico ou nome geográfico PREJUÍZO
650 ## - ASSUNTO - THESAGRO
Cabeçalho tópico ou nome geográfico EXPORTAÇÃO
650 ## - ASSUNTO - THESAGRO
Cabeçalho tópico ou nome geográfico INVESTIMENTO
773 0# - ENTRADA ANALÍTICA
Host Biblionumber 1706
Registro do item 347985
Imprenta São Paulo-SP Editora Três Ltda - E-mail: luizfsa@revistadinheiro.com.br 2004
Outro identificador 2025-0482
Título Dinheiro Rural (Brazil)
ISSN 1807-3700
Colação v. 7(78) p. 28-30; (Apr 2011)
Número de controle de registro BR2025001934

Nenhum exemplar disponível.

BINAGRI

Telefone: (61)3218-2567/2388/3357/2097 - binagri@agro.gov.br

Ministério da Agricultura e Pecuária , Esplanada dos Ministérios, Bloco D, Anexo B, Brasília/DF, CEP: 70.043-900